01068nam a2200277 i 450000100060000000300090000600500170001500700030003200800410003502000180007604000220009408000310011608000330014710000380018024501180021826000470033630000210038349000370040450000430044150400400048460000490052483000450057385200330061899900170065195201220066853962ES-MaACL20231227143752.0t|031119s2001 sp ||||0| spa d a84-7491-641-0 aM-BN bspa cM-BN a1 Sanz del Río, Julián a929 Sanz del Río, Julián1 aOrden Jiménez, Rafael V.98717910aSanz del Río en la Universidad Central b: los años de formación (1837-1854) / cRafael V. Orden Jiménez. aMadrid : bEditorial Complutense, c[2001] a215 p ; c24 cm.1 aPhilosophica Complutensia ; v16 aIncluye (p. 127-206) anexo documental. aBibliografía: p. 207-210. Indice.14aSanz del Río, Julián,d1814-186991324630 aPhilosophica Complutensia ; v169182478 aES-MaACLjL-26728 bR.131433 c53962d53962 00104070aATENEOMbATENEOMcDEPO2d2008-01-17eSCl0oL-26728p1056713r2023-02-23 00:00:00w2023-02-23yMONOGRAFIA